EFFECT OF ORGANIC FERTILIZER ON GARLAND CHRYSANTHEMUM CULTIVATED UNDER SHADE NET AT ROYAL UNIVERSITY OF AGRICULTURE ឥទ្ធិពលជីសរីរាង្គលើដំណាំតាំងអោរក្រោមម្លប់សំណាញ់ខៀវ នៅស្ហានីយ៍ពិសោធន៍ដំណាំនៃសាកលវិទ្យាល័យភូមិន្ធកសិកម្ម. (Record no. 1000)

000 -LEADER
fixed length control field 00784nam a22001577a 4500
003 - CONTROL NUMBER IDENTIFIER
control field OSt
005 - DATE AND TIME OF LATEST TRANSACTION
control field 20150921163448.0
008 - FIXED-LENGTH DATA ELEMENTS--GENERAL INFORMATION
fixed length control field 150921b xxu||||| |||| 00| 0 eng d
040 ## - CATALOGING SOURCE
Transcribing agency RUA
082 ## - DEWEY DECIMAL CLASSIFICATION NUMBER
Classification number AGR EM 2009 BO43 Or.1
100 ## - MAIN ENTRY--PERSONAL NAME
9 (RLIN) 1041
Personal name ME, SOTHEARY
245 ## - TITLE STATEMENT
Title EFFECT OF ORGANIC FERTILIZER ON GARLAND CHRYSANTHEMUM CULTIVATED UNDER SHADE NET AT ROYAL UNIVERSITY OF AGRICULTURE ឥទ្ធិពលជីសរីរាង្គលើដំណាំតាំងអោរក្រោមម្លប់សំណាញ់ខៀវ នៅស្ហានីយ៍ពិសោធន៍ដំណាំនៃសាកលវិទ្យាល័យភូមិន្ធកសិកម្ម.
260 ## - PUBLICATION, DISTRIBUTION, ETC. (IMPRINT)
Place of publication, distribution, etc. PHNOM PHEN
Name of publisher, distributor, etc. RUA
Date of publication, distribution, etc. 2009
300 ## - PHYSICAL DESCRIPTION
Extent XIII,53P
Other physical details ILL.
Dimensions 29CMM.
942 ## - ADDED ENTRY ELEMENTS (KOHA)
Source of classification or shelving scheme
Koha item type AGR
Holdings
Price effective from Date last seen Permanent Location Not for loan Date acquired Source of classification or shelving scheme Koha item type Lost status Withdrawn status Total Renewals Date last checked out Total Checkouts Shelving location Damaged status Barcode Current Location Full call number
2015-09-212023-05-24Library Block B 2015-09-21 AGR   2023-05-104B043 RUA000488 Library Block BAGR EM 2009 BO43 Or.1
2015-09-242023-06-20Library Block B 2015-09-24 AGR  12023-06-054B043 RUA000544Library Block BAGR EM 2009 BO43 Or.3
2015-09-242019-12-28Library Block B 2015-09-24 AGR   2019-12-073B043 RUA008267Library Block BAGR EM 2009 BO43 Or.2
មជ្ឈមណ្ឌលឯការនៃសាកលវិទ្យាល័យភូមិន្ទកសិកម្មចំការដូង

Powered by Koha